000 00744cab a2200229 4500
001 ##L132716
008 060302n2006 000 0 eng u
035 _a(Sirsi) u132716
041 0 _aeng
100 1 _aMcAllister, Sean
245 0 0 _aBedfordshire and Buckinghamshire
_bregional
260 _c2006
490 0 _aProperty Week
_v71(8) 24 February 2006, 81-93(8)
520 _aLooks at Bedford town centre; the upgrade of the city centre, and alternative land tax in Milton Keynes; and hotspots for sheds in Dunstable
590 _aIKA140306
650 2 4 _aBEDFORD
650 2 4 _aBUCKINGHAMSHIRE
650 2 4 _aMILTON KEYNES
650 2 4 _aDUNSTABLE
690 _aPROPERTY-COMMERCIAL PROPERTY-COMMERCIAL PROPERTY MARKET
942 _n0
999 _c76584
_d76584